000 00662nam a2200229 a 4500
005 20241220063743.0
008 030827s1998 mx r 000 0 spa d
035 _aUPN01000128220
049 _aI
050 4 _aGV191.7
_bR8.8 1998
100 1 _aRubio, Teo
245 1 4 _aUna aventura con vosotros :
_bcampamento de mar y montaña /
_cTeo Rubio.
250 _a2a ed.
260 _aMadrid :
_bCCS,
_c1998.
300 _a186 p.
440 0 _aOcio y tiempo libre ;
_v13
650 4 _aCAMPAMENTOS
_95061
650 2 _aCampamentos escolares
_95064
650 2 _aEducación al aire libre
_914694
650 4 _aSocialización del niño
_93953
905 _aInfantil
999 _c100399
_d100399